Topographie: Théorie et pratique

Αποθηκεύτηκε σε:
Λεπτομέρειες βιβλιογραφικής εγγραφής
Κύριος συγγραφέας: Maurice E Barbier
Μορφή: Βιβλίο
Γλώσσα:Undetermined
Έκδοση: Paris Technique et Vulgarisation 1964
Θέματα:
Ετικέτες: Προσθήκη ετικέτας
Δεν υπάρχουν, Καταχωρήστε ετικέτα πρώτοι!
Thư viện lưu trữ: Trung tâm Học liệu Trường Đại học Cần Thơ
LEADER 00501nam a2200181Ia 4500
001 CTU_2035
008 210402s9999 xx 000 0 und d
082 |a 526.98 
082 |b B236 
100 |a Maurice E Barbier 
245 0 |a Topographie: Théorie et pratique 
245 0 |c Maurice E Barbier 
260 |a Paris 
260 |b Technique et Vulgarisation 
260 |c 1964 
650 |a topographical surveying 
904 |i Minh, 960821 
980 |a Trung tâm Học liệu Trường Đại học Cần Thơ